[Event "Europe Echecs Blitz Nov op"]
[Site "Europe Echecs INT"]
[Date "2020.11.08"]
[Round "1"]
[White "Bauer, Christian"]
[Black "Heranval, Jacky"]
[Result "1-0"]
[WhiteElo "2639"]
[BlackElo "1891"]
[PlyCount "57"]
[EventDate "2020.11.08"]
[EventType "swiss (blitz)"]
[EventRounds "11"]
[EventCountry "FRA"]
[SourceTitle "CBM 199 Extra"]
[Source "ChessBase"]
[SourceDate "2021.01.31"]
[SourceVersion "1"]
[SourceVersionDate "2021.01.31"]
[SourceQuality "1"]

1. b4 e5 2. a3 Nc6 3. Bb2 a6 4. c4 d6 5. e3 Nf6 6. Nc3 Be6 7. Nf3 h6 8. d3 Be7 9. Be2 Qd7 10. Qc2 g5 11. Rd1 g4 12. Nd2 Bf5 13. Nde4 h5 14. 0-0 h4 15. f4 gxf3 16. Bxf3 h3 17. g3 Rg8 18. Qf2 Be6 19. Nxf6+ Bxf6 20. Nd5 Be7 21. a4 0-0-0 22. b5 axb5 23. axb5 Na5 24. Ra1 b6 25. Bc3 f5 26. Bxa5 bxa5 27. Rxa5 e4 28. Qa2 Bxd5 29. Ra8+ 1-0

[Event "Europe Echecs Blitz Nov op"]
[Site "Europe Echecs INT"]
[Date "2020.11.08"]
[Round "8"]
[White "Heranval, Jacky"]
[Black "Di Nicolantonio, Lucas"]
[Result "0-1"]
[WhiteElo "1891"]
[BlackElo "2414"]
[PlyCount "40"]
[EventDate "2020.11.08"]
[EventType "swiss (blitz)"]
[EventRounds "11"]
[EventCountry "FRA"]
[SourceTitle "CBM 199 Extra"]
[Source "ChessBase"]
[SourceDate "2021.01.31"]
[SourceVersion "1"]
[SourceVersionDate "2021.01.31"]
[SourceQuality "1"]

1. d4 Nf6 2. Nf3 e6 3. e3 b6 4. Bd3 Bb7 5. b3 Be7 6. Bb2 0-0 7. 0-0 d6 8. c4 Ne4 9. Nbd2 f5 10. Qc2 Nxd2 11. Nxd2 Nd7 12. f4 Qe8 13. Be2 Nf6 14. Bf3 Bxf3 15. Rxf3 d5 16. cxd5 exd5 17. Qxc7 Rc8 18. Qe5 Rc2 19. Bc1 Qd7 20. Rg3 Bd6 0-1

[Event "Europe Echecs Blitz Nov op"]
[Site "Europe Echecs INT"]
[Date "2020.11.08"]
[Round "2"]
[White "Heranval, Jacky"]
[Black "Morata, Jules"]
[Result "1-0"]
[WhiteElo "1891"]
[BlackElo "1568"]
[PlyCount "57"]
[EventDate "2020.11.08"]
[EventType "swiss (blitz)"]
[EventRounds "11"]
[EventCountry "FRA"]
[SourceTitle "CBM 199 Extra"]
[Source "ChessBase"]
[SourceDate "2021.01.31"]
[SourceVersion "1"]
[SourceVersionDate "2021.01.31"]
[SourceQuality "1"]

1. d4 f5 2. Nc3 Nf6 3. Bg5 g6 4. e4 d6 5. Bc4 Bg7 6. Qe2 Nc6 7. 0-0-0 Na5 8. e5 Ne4 9. Nxe4 fxe4 10. Bd5 c6 11. Bxe4 d5 12. Bd3 b5 13. f4 Qc7 14. g4 e6 15. Nf3 h6 16. Bh4 Bd7 17. Bxg6+ Kf8 18. f5 exf5 19. gxf5 h5 20. Bg5 Nc4 21. e6 Be8 22. Nh4 Bxg6 23. Nxg6+ Kg8 24. Nxh8 Kxh8 25. Qxh5+ Kg8 26. f6 Bh8 27. Qg6+ Bg7 28. Bh6 Nd6 29. Bxg7 1-0

[Event "Europe Echecs Blitz Nov op"]
[Site "Europe Echecs INT"]
[Date "2020.11.08"]
[Round "3"]
[White "Meyssirel, Tom"]
[Black "Heranval, Jacky"]
[Result "0-1"]
[WhiteElo "1359"]
[BlackElo "1891"]
[PlyCount "78"]
[EventDate "2020.11.08"]
[EventType "swiss (blitz)"]
[EventRounds "11"]
[EventCountry "FRA"]
[SourceTitle "CBM 199 Extra"]
[Source "ChessBase"]
[SourceDate "2021.01.31"]
[SourceVersion "1"]
[SourceVersionDate "2021.01.31"]
[SourceQuality "1"]

1. c4 Nf6 2. Nc3 e6 3. g3 d5 4. cxd5 exd5 5. d4 c6 6. Bg5 Nbd7 7. Bg2 h6 8. Bxf6 Nxf6 9. Nf3 Bd6 10. 0-0 Bf5 11. Re1 0-0 12. Qd2 Qd7 13. e3 Rfe8 14. Rac1 Bh3 15. Na4 Bxg2 16. Kxg2 Ne4 17. Qd3 Rad8 18. a3 Bb8 19. Nc5 Nxc5 20. Rxc5 Bd6 21. Rc2 Qg4 22. Qb3 Re7 23. h3 Qg6 24. Nh4 Qe4+ 25. Kh2 Qxh4 26. Kg2 Qe4+ 27. Kh2 Rde8 28. a4 h5 29. a5 h4 30. Rce2 hxg3+ 31. fxg3 Qf3 32. Qc2 Qxg3+ 33. Kh1 Qxh3+ 34. Kg1 Rxe3 35. Qd2 Rg3+ 36. Rg2 Rxg2+ 37. Qxg2 Rxe1+ 38. Kf2 Qxg2+ 39. Kxg2 Re2+ 0-1

[Event "Pobeskydy ArcelorMittal op"]
[Site "Frydek Mistek"]
[Date "2009.04.09"]
[Round "1"]
[White "Mandon, Fabrice"]
[Black "Heranval, Jacky"]
[Result "1-0"]
[WhiteElo "2257"]
[BlackElo "1891"]
[PlyCount "47"]
[EventDate "2009.04.09"]
[EventType "swiss"]
[EventRounds "9"]
[EventCountry "CZE"]
[SourceTitle "CBM 129 Extra"]
[Source "ChessBase"]
[SourceDate "2009.05.05"]
[SourceVersion "2"]
[SourceVersionDate "2009.05.20"]
[SourceQuality "1"]

1. e4 g6 2. d4 c5 3. dxc5 Qa5+ 4. c3 Qxc5 5. Be3 Qc6 6. Nd2 Bg7 7. Ngf3 a6 8. Nc4 Qxe4 9. Nb6 f5 10. Nxa8 Nf6 11. Bd3 Qg4 12. Nb6 0-0 13. Nxc8 Rxc8 14. Qb3+ d5 15. Qxb7 f4 16. Bxf4 Qxf4 17. Qxc8+ Kf7 18. 0-0 Nbd7 19. Rae1 h5 20. Re3 e5 21. g3 Qxf3 22. Rxf3 e4 23. Qxd7+ Kf8 24. Rxf6+ 1-0

[Event "FRA-chT2 North 0809"]
[Site "France"]
[Date "2009.03.14"]
[Round "8.5"]
[White "Guyard, Bertrand"]
[Black "Heranval, Jacky"]
[Result "1-0"]
[WhiteElo "2247"]
[BlackElo "2001"]
[PlyCount "85"]
[EventDate "2008.10.19"]
[EventType "team-tourn"]
[EventRounds "11"]
[EventCountry "FRA"]
[SourceTitle "EXT 2010"]
[Source "ChessBase"]
[SourceDate "2010.11.25"]
[SourceVersion "1"]
[SourceVersionDate "2010.11.25"]
[SourceQuality "1"]
[WhiteTeam "Chess XV"]
[BlackTeam "Gonfreville II"]
[WhiteTeamCountry "FRA"]
[BlackTeamCountry "FRA"]

1. d4 Nf6 2. c4 g6 3. Nc3 Bg7 4. e4 d6 5. Nf3 0-0 6. Be2 e5 7. 0-0 Nc6 8. d5 Ne7 9. Ne1 Nd7 10. Nd3 f5 11. Bd2 Nf6 12. f3 f4 13. c5 g5 14. cxd6 cxd6 15. Rc1 Ng6 16. Nf2 h5 17. h3 a6 18. a4 Rf7 19. Nb1 Bf8 20. Na3 g4 21. fxg4 hxg4 22. hxg4 Rh7 23. Nc4 Nxe4 24. Nxe4 Qh4 25. Rc3 Qh2+ 26. Kf2 Qh4+ 27. Kg1 Qh2+ 28. Kf2 Qh4+ 29. g3 fxg3+ 30. Rxg3 Nf4 31. Bf3 Qh2+ 32. Ke3 Qh6 33. g5 Nxd5+ 34. Kd3 Qg6 35. Bg4 b5 36. Na5 Nf4+ 37. Bxf4 exf4 38. Qb3+ Kh8 39. Qd5 Rb8 40. Bxc8 Rxc8 41. Rxf4 Rh1 42. Qf5 Qh5 43. Qxc8 1-0

[Event "Louviers op 9th"]
[Site "Louviers "]
[Date "2006.04.06"]
[Round "4"]
[White "Vigneron, Frederic"]
[Black "Heranval, Jacky"]
[Result "0-1"]
[WhiteElo "2007"]
[BlackElo "1960"]
[PlyCount "58"]
[EventDate "2006.03.06"]
[EventType "swiss"]
[EventRounds "7"]
[EventCountry "FRA"]
[SourceTitle "EXT 2008"]
[Source "ChessBase"]
[SourceDate "2007.11.25"]
[SourceVersion "1"]
[SourceVersionDate "2007.11.25"]
[SourceQuality "1"]

1. d4 Nf6 2. c4 g6 3. Nc3 Bg7 4. e4 d6 5. Nf3 0-0 6. Be2 e5 7. dxe5 dxe5 8. Qxd8 Rxd8 9. Bg5 c6 10. Nxe5 Re8 11. 0-0-0 Nxe4 12. Nxe4 Bxe5 13. Bf3 Nd7 14. Rhe1 Re6 15. c5 b6 16. Rd3 bxc5 17. Red1 Bd4 18. Nxc5 Bxc5 19. Rxd7 Bxd7 20. Rxd7 Bxf2 21. Kc2 Be3 22. Bh4 h5 23. Bg3 f5 24. Bd6 Rc8 25. Kd3 Bb6 26. Bd1 Re3+ 27. Kd2 Re4 28. Bb3+ Kh8 29. Bb4 Rxb4 0-1

[Event "Louviers op 9th"]
[Site "Louviers "]
[Date "2006.03.06"]
[Round "2"]
[White "Arinal, Serge"]
[Black "Heranval, Jacky"]
[Result "0-1"]
[WhiteElo "1590"]
[BlackElo "1960"]
[PlyCount "78"]
[EventDate "2006.03.06"]
[EventType "swiss"]
[EventRounds "7"]
[EventCountry "FRA"]
[SourceTitle "EXT 2008"]
[Source "ChessBase"]
[SourceDate "2007.11.25"]
[SourceVersion "1"]
[SourceVersionDate "2007.11.25"]
[SourceQuality "1"]

1. Nf3 d5 2. g3 Nf6 3. Bg2 c6 4. d4 Bf5 5. Nbd2 e6 6. Nh4 Bd6 7. Nxf5 exf5 8. e3 0-0 9. 0-0 Nbd7 10. c4 Ne4 11. cxd5 cxd5 12. Qb3 Ndf6 13. Nf3 Qe7 14. Nh4 g6 15. Nf3 Kg7 16. a3 Rac8 17. Bd2 Rc4 18. Be1 Rfc8 19. Nd2 Nxd2 20. Bxd2 Ne4 21. Rad1 b6 22. Qb5 Qe6 23. Rfe1 Rc2 24. Re2 h5 25. Bc3 Rxe2 26. Qxe2 Nxc3 27. bxc3 Rxc3 28. Qa6 Rxa3 29. Qb7 Ra5 30. Rc1 h4 31. Qa8 hxg3 32. hxg3 Bxg3 33. Rc6 Ra1+ 34. Bf1 Qe4 35. fxg3 Qf3 36. Rxg6+ fxg6 37. Qb7+ Kh6 38. Qc7 Rxf1+ 39. Kh2 Qh1# 0-1

[Event "Louviers op 9th"]
[Site "Louviers "]
[Date "2006.03.06"]
[Round "1"]
[White "Heranval, Jacky"]
[Black "Cleaud, Cyril"]
[Result "0-1"]
[WhiteElo "1960"]
[BlackElo "1560"]
[PlyCount "92"]
[EventDate "2006.03.06"]
[EventType "swiss"]
[EventRounds "7"]
[EventCountry "FRA"]
[SourceTitle "EXT 2008"]
[Source "ChessBase"]
[SourceDate "2007.11.25"]
[SourceVersion "1"]
[SourceVersionDate "2007.11.25"]
[SourceQuality "1"]

1. Nf3 c5 2. g3 d5 3. Bg2 Nc6 4. 0-0 e5 5. d3 Nf6 6. Nbd2 Bf5 7. Nh4 Be6 8. e4 Be7 9. Nhf3 0-0 10. c3 Qd6 11. Ng5 Rad8 12. Nxe6 Qxe6 13. exd5 Nxd5 14. Re1 Qd7 15. Nf3 Bf6 16. Bg5 Bxg5 17. Nxg5 f6 18. Bh3 f5 19. Qb3 Na5 20. Qc2 Nc6 21. Rad1 h6 22. Nf3 Qc7 23. Nh4 Nde7 24. Qb3+ Kh7 25. Qc2 g5 26. Nxf5 Nxf5 27. d4 Kg7 28. Bxf5 exd4 29. Re6 Rd6 30. Rxd6 Qxd6 31. cxd4 Nxd4 32. Be4 b6 33. Qd3 Rd8 34. Bg2 Ne2+ 35. Qxe2 Qxd1+ 36. Qxd1 Rxd1+ 37. Bf1 Rd2 38. b3 Rxa2 39. Bc4 Kf6 40. Kg2 a6 41. Kf3 b5 42. Bd5 Ke5 43. Bf7 a5 44. Ke3 a4 45. f4+ Kf6 46. Bd5 axb3 0-1

[Event "Avoine op"]
[Site "Avoine"]
[Date "2006.02.25"]
[Round "3"]
[White "Heranval, Jacky"]
[Black "Spitz, Christophe"]
[Result "0-1"]
[WhiteElo "1780"]
[BlackElo "2150"]
[PlyCount "90"]
[EventDate "2006.02.24"]
[EventType "swiss"]
[EventRounds "7"]
[EventCountry "FRA"]
[SourceTitle "EXT 2007"]
[Source "ChessBase"]
[SourceDate "2006.11.23"]
[SourceVersion "1"]
[SourceVersionDate "2006.11.23"]
[SourceQuality "1"]

1. d4 Nf6 2. Nf3 g6 3. c4 Bg7 4. Nc3 0-0 5. g3 d6 6. Bg2 Nc6 7. 0-0 Bd7 8. h3 a6 9. e4 Rb8 10. Qe2 e5 11. dxe5 dxe5 12. Rd1 Qc8 13. Kh2 b5 14. cxb5 Nd4 15. Nxd4 exd4 16. Nd5 Nxd5 17. exd5 Bxb5 18. Qd2 Re8 19. Bf1 Qd7 20. b4 Qxd5 21. Bg2 Qd7 22. Bf3 Bc6 23. Bxc6 Qxc6 24. Rb1 Re4 25. Qd3 Rbe8 26. Bf4 Re2 27. Rf1 Qc2 28. Qxc2 Rxc2 29. Rbd1 Ree2 30. Kg2 c6 31. a3 Ra2 32. Bc1 f5 33. Rd3 Kf7 34. Kf3 Ke6 35. g4 fxg4+ 36. hxg4 Kd5 37. Kg3 Kc4 38. Rf3 d3 39. Rh1 d2 40. Bxd2 Raxd2 41. g5 Be5+ 42. Kg2 Bd4 43. Rxh7 Rxf2+ 44. Rxf2 Rxf2+ 45. Kg3 Rf5 0-1